000 00646cam a22002293a 4500
001 6366
003 PGUSA
005 20140828083131.0
008 040801s2004||||xxu|||||s|||||000 | eng d
040 _aPGUSA
_beng
042 _adc
050 4 _aBH
100 1 _aParker, De Witt H.
_q(De Witt Henry),
_d1885-1949
245 1 4 _aThe Principles of Aesthetics
_h[electronic resource] /
_cDe Witt H. Parker
260 _bProject Gutenberg,
_c2004
506 _aPublic domain in the USA.
516 _aElectronic text
653 _aAesthetics
830 0 _aProject Gutenberg
_v6366
856 4 0 _uhttp://www.gutenberg.org/ebooks/6366
942 _cEB
999 _c235689
_d235689